| 000 | 00408nam a2200145 a 4500 | ||
|---|---|---|---|
| 001 | 000029329 | ||
| 005 | 20200930055500.0 | ||
| 008 | 110414s1947 dr 000 0 spa d | ||
| 040 |
_aDO-SdBNP _bspa _cBNPHU |
||
| 082 |
_axxxx _bV483s |
||
| 245 | 0 | 3 | _aLa verdad sobre un estudiante de filosofía. |
| 260 |
_aCiudad Trujillo, República Dominicana, : _b[s.l.], _c[1947?]. |
||
| 300 | _a[12 p.]. | ||
| 049 | _aBNPD | ||
| 999 |
_c28821 _d28821 |
||